Метасоматизм и золотое оруденение калиевых щелочных массивов (на примере Центрально-Алданской щелочной провинции)

Podrobná bibliografie
Hlavní autor: Дворник Г. П. Геннадий Петрович
Korporativní autor: Уральский государственный горный университет (УГГУ)
Shrnutí:В работе рассмотрена минерагения провинций калиевых щелочных пород, охарактеризованы основные типы метасоматических процессов, проявившихся в пределах калиевых щелочных вулкано-плутонических комплексов, и соответствующие им формации метасоматических пород (фенитов, серицит-микроклиновых и кварц-эгирин-микроклиновых метасоматитов), рассмотрены условия образования прожил-ково-вкрапленного золотого оруденения в серицит-микроклиновых метасоматитах, закономерности распределения концентраций золота и серебра в рудных телах ще­лочных массивов Центрально-Алданской провинции в Якутии, предложен комплекс поисковых критериев и признаков на золотопорфировый тип оруденения в калиевых щелочных массивах.Книга представляет интерес для геологов, занимающихся поисками, разведкой и эксплуатацией золоторудных месторождений, а также для специалистов в области минерагении, метасоматических и рудных формаций.Табл. 58. Рис. 77. Прил. 8. Киблиогр. 255 назв.
Jazyk:ruština
Vydáno: Екатеринбург, Изд-во УГГУ, 2014
Témata:
Médium: Kniha
KOHA link:https://koha.lib.tpu.ru/cgi-bin/koha/opac-detail.pl?biblionumber=291732

MARC

LEADER 00000nam0a2200000 4500
001 291732
005 20231102000423.0
010 |a 9785801903439 
035 |a (RuTPU)RU\TPU\book\316316 
090 |a 291732 
100 |a 20150416d2014 k y0rusy50 ca 
101 0 |a rus 
102 |a RU 
105 |a a z 001zy 
200 1 |a Метасоматизм и золотое оруденение калиевых щелочных массивов (на примере Центрально-Алданской щелочной провинции)  |f Г. П. Дворник  |g Уральский государственный горный университет (УГГУ) 
210 |a Екатеринбург  |c Изд-во УГГУ  |d 2014 
215 |a 330 с.  |c ил. 
320 |a Библиогр.: с. 243-271. 
330 |a В работе рассмотрена минерагения провинций калиевых щелочных пород, охарактеризованы основные типы метасоматических процессов, проявившихся в пределах калиевых щелочных вулкано-плутонических комплексов, и соответствующие им формации метасоматических пород (фенитов, серицит-микроклиновых и кварц-эгирин-микроклиновых метасоматитов), рассмотрены условия образования прожил-ково-вкрапленного золотого оруденения в серицит-микроклиновых метасоматитах, закономерности распределения концентраций золота и серебра в рудных телах ще­лочных массивов Центрально-Алданской провинции в Якутии, предложен комплекс поисковых критериев и признаков на золотопорфировый тип оруденения в калиевых щелочных массивах.Книга представляет интерес для геологов, занимающихся поисками, разведкой и эксплуатацией золоторудных месторождений, а также для специалистов в области минерагении, метасоматических и рудных формаций.Табл. 58. Рис. 77. Прил. 8. Киблиогр. 255 назв. 
606 1 |a Золоторудные месторождения  |2 stltpush  |3 (RuTPU)RU\TPU\subj\11877  |9 38756 
610 1 |a калиевые щелочные массивы 
610 1 |a метасоматизм 
610 1 |a золотое оруденение 
610 1 |a геологическое строение 
610 1 |a минерагения 
610 1 |a золотопорфировое оруденение 
610 1 |a поисковые критерии 
610 1 |a монографии 
675 |a 553.411  |v 4 
700 1 |a Дворник  |b Г. П.  |g Геннадий Петрович 
712 0 2 |a Уральский государственный горный университет (УГГУ)  |c (2004- )  |c (Екатеринбург)  |2 stltpush  |3 (RuTPU)RU\TPU\col\9082 
801 1 |a RU  |b 63413507  |c 20150416 
801 2 |a RU  |b 63413507  |c 20151102  |g RCR 
942 |c BK